Developed Countries - Statistics

General Stats
  • This quiz has been taken 5,025 times
    4,633 since last reset
  • The average score is 31 of 38
Answer Stats
Country % Correct
United States
99%
United Kingdom
97%
Canada
95%
Australia
94%
France
94%
Japan
94%
Sweden
94%
Finland
93%
Germany
93%
Italy
93%
Norway
93%
Spain
93%
Austria
91%
Denmark
90%
Belgium
89%
Portugal
89%
Netherlands
88%
New Zealand
88%
Switzerland
88%
Ireland
87%
Greece
85%
South Korea
84%
Iceland
83%
Luxembourg
83%
Andorra
82%
Monaco
77%
San Marino
74%
Singapore
71%
Czech Republic
70%
Liechtenstein
69%
Slovenia
69%
Vatican City
69%
Slovakia
68%
Estonia
67%
Malta
65%
Israel
60%
Taiwan
57%
Cyprus
52%
No matching quizzes found
Score Distribution
Percent of People with Each Score
Percentile by Number Answered
Your Score History
You have not taken this quiz since the last reset